000 00501nam a2200193 4500
003 SEACOMEC
005 20240102161330.0
008 240102b |||||||| |||| 00| 0 eng d
020 _cRs.270.00
040 _aSEACOMEC
082 _a621.398
_bJ24
100 _aJagan,N.C.
245 1 _aNetwork theory
_cN.C. Jagan,C. Lakshminarayan
250 _arev.2nd ed.
260 _aHyderabad
_bB S Publications
_c2001
650 _aTechnology,Computer engineering
700 _aLaxminarayan,C.
942 _cBOOK
999 _c397
_d397